El Papa no cesa de ocuparse de México. En el Consistorio secreto del 20 de diciembre de 1926, bendijo y elogió a la Confederación Nacional de Estudiantes Católicos

Síntesis: El documento trata sobre la referencia que hace e Papa en relación con la persecución religiosa en México; opina que toda sociedad es digna de elogio pues han defendido su conciencia católica, y llenado el cielo de mártires.

Guardado en:
Detalles Bibliográficos
Autor corporativo: Iglesia Católica. Papa (1922-1939 : Pío XI)
Formato: Libro
Temas:
Etiquetas: Agrega una etiqueta
Sin etiquetas, Sé el primero en etiquetar este registro!

MARC

LEADER 00000nam^a2200000^a^4500
001 000250049
005 20250526000000.0
009 20260310105756.636
035 |a R00932 
037 |a Acervo Xavier Clavigero 
082 |a 10. 1  |b PIO V. LIBRO 4 9/70 
110 |a Iglesia Católica.  |b Papa (1922-1939 : Pío XI) 
245 1 3 |a El Papa no cesa de ocuparse de México. En el Consistorio secreto del 20 de diciembre de 1926, bendijo y elogió a la Confederación Nacional de Estudiantes Católicos 
264 |a Vaticano :  |b Destinatario: Al público,  |c 1926 
300 |a 1 foja, mcs/cop., 21.3 X 28 cms. 
336 |a texto  |b txt  |2 rdacontenido 
337 |a sin mediación  |b n  |2 rdamedio 
338 |a volumen  |b nc  |2 rdasoporte 
520 |a Síntesis: El documento trata sobre la referencia que hace e Papa en relación con la persecución religiosa en México; opina que toda sociedad es digna de elogio pues han defendido su conciencia católica, y llenado el cielo de mártires. 
598 |a Documento 
598 |a En la biblioteca del ILFC, Guadalajara, Jal. 
598 |a Lugares que cita el documento: México 
649 |a XX 
650 |a Iglesia Católica -  |x Historia -  |y Papa, 1922-1939 (San Pío XI) -  |x Tema Principal 
910 |a Fondo Jesús Gómez Fregoso S.J. FXC 
920 |a Impresos - Documentos 
930 |a Libros Antiguos y Raros 
940 |a Guerra Cristera 
905 |a 110 
901 |a R00932  |b IT2  |c LRA  |i R00932  |u 20250526 
902 |a https://opac.biblio.iteso.mx/vufind/Record/000250049